| 000 | 00896nam0a22002771 4500 | ||
|---|---|---|---|
| 001 | rc\2991620 | ||
| 005 | 20250806211544.0 | ||
| 035 | _a(NLR Aleph) 007135674 | ||
| 090 |
_a67006 _c67006 |
||
| 100 | _a20110915d1942 u y0rusy50 ca | ||
| 101 | 0 | _arus | |
| 102 | _aRU | ||
| 105 | _aa z ||||| | ||
| 200 | 1 |
_aПроизводство алитированных коллекторов _fинженеры И.И. Баранов и В.В. Пропастина |
|
| 210 |
_aМосква _cОборонгиз _d1942 |
||
| 215 |
_a99 с. _cил. _d20 см |
||
| 320 | _aБиблиогр.: с. 96-98 | ||
| 700 | 1 |
_aБаранов _bИ.И. |
|
| 701 | 1 |
_aПропастина _bВ.В. |
|
| 801 | 0 |
_aRU _bNLR _gpsbo |
|
| 801 | 1 |
_aRU _bELAR _2rusmarc |
|
| 852 |
_aNLR _jТ92 Г-4/323 |
||
| 942 | _cBOOK | ||
| 945 | _aРоссийская национальная библиотека | ||
| 980 | _aNB | ||
| 980 | _aBV | ||